Left Hand Typing Quiz - Statistics

General Stats
  • This quiz has been taken 47 times
  • The average score is 19 of 20
Answer Stats
Hint Answer % Correct
address address
100%
adverse adverse
100%
aggregate aggregate
100%
arrest arrest
100%
attract attract
100%
avert avert
100%
award award
100%
awarded awarded
100%
cadaver cadaver
100%
casette casette
100%
craters craters
100%
crawdad crawdad
100%
create create
100%
creater creater
100%
crest crest
100%
dagger dagger
100%
decease decease
100%
deface deface
100%
defeat defeat
100%
defecate defecate
100%
degrade degrade
100%
desert desert
100%
detest detest
100%
draft draft
100%
dragster dragster
100%
dress dress
100%
dresser dresser
100%
eager eager
100%
effect effect
100%
erect erect
100%
exact exact
100%
exert exert
100%
extract extract
100%
farce farce
100%
gadget gadget
100%
gazette gazette
100%
rafter rafter
100%
recreate recreate
100%
refract refract
100%
regret regret
100%
reserve reserve
100%
restate restate
100%
reverse reverse
100%
reward reward
100%
scarf scarf
100%
sedate sedate
100%
sewage sewage
100%
stagger stagger
100%
stars stars
100%
steer steer
100%
steward steward
100%
strafe strafe
100%
straw straw
100%
street street
100%
streetcar streetcar
100%
swagger swagger
100%
sweater sweater
100%
swerve swerve
100%
target target
100%
teaser teaser
100%
terrace terrace
100%
twitter twitter
100%
wafted wafted
100%
waste waste
100%
water water
100%
westward westward
100%
careers careers
92%
desecrate desecrate
92%
deserve deserve
92%
tweezers tweezers
92%
assert assert
91%
carcass carcass
91%
wastewater wastewater
91%
affect affect
90%
aftertaste aftertaste
90%
afterward afterward
90%
eastward eastward
90%
exaggerate exaggerate
90%
stargaze stargaze
90%
taste taste
90%
watercraft watercraft
90%
defer defer
89%
garage garage
89%
sweet sweet
89%
savage savage
88%
scarce scarce
88%
traverse traverse
88%
crater crater
86%
decrease decrease
86%
ferret ferret
86%
secret secret
86%
stage stage
86%
freezer freezer
83%
ragtag ragtag
83%
restart restart
83%
dessert dessert
82%
freeze freeze
75%
starve starve
75%
grease grease
60%
carefree carefree
50%
No matching quizzes found
Score Distribution
Percent of People with Each Score
Percentile by Number Answered
Your Score History
You have not taken this quiz